<?xml version="1.0" encoding="UTF-8"?>
<record
    xmlns:xsi="http://www.w3.org/2001/XMLSchema-instance"
    xsi:schemaLocation="http://www.loc.gov/MARC21/slim http://www.loc.gov/standards/marcxml/schema/MARC21slim.xsd"
    xmlns="http://www.loc.gov/MARC21/slim">

  <leader>01421nam a22002657a 4500</leader>
  <controlfield tag="001">8594</controlfield>
  <controlfield tag="003">FISKH</controlfield>
  <controlfield tag="005">20251002110231.0</controlfield>
  <controlfield tag="008">251002b        cb ||||| |||| 00| 0 eng d</controlfield>
  <datafield tag="040" ind1=" " ind2=" ">
    <subfield code="a">FISKH</subfield>
    <subfield code="b">khr</subfield>
    <subfield code="c">FISKH</subfield>
    <subfield code="d">FISKH</subfield>
  </datafield>
  <datafield tag="050" ind1=" " ind2=" ">
    <subfield code="a">PZ7</subfield>
  </datafield>
  <datafield tag="100" ind1=" " ind2=" ">
    <subfield code="a">Maxwell, Arthur S. </subfield>
  </datafield>
  <datafield tag="245" ind1=" " ind2=" ">
    <subfield code="a">&#x1786;&#x17D2;&#x1780;&#x17C2;&#x179F;&#x1784;&#x17D2;&#x1782;&#x17D2;&#x179A;&#x17C4;&#x17C7;&#x1798;&#x17D2;&#x1785;&#x17B6;&#x179F;&#x17CB; : </subfield>
    <subfield code="b">Save by his dog / </subfield>
    <subfield code="c">&#x1793;&#x17B7;&#x1796;&#x1793;&#x17D2;&#x1792;&#x178A;&#x17C4;&#x1799; &#x179B;&#x17C4;&#x1780; &#x17A2;&#x17B6;&#x1792;&#x17BE;&#x179A; &#x17A2;&#x17C1;&#x179F; &#x1798;&#x17C9;&#x17B6;&#x1780;&#x179C;&#x17C9;&#x17C2;&#x179B;</subfield>
  </datafield>
  <datafield tag="260" ind1=" " ind2=" ">
    <subfield code="a">Phnom Penh : </subfield>
  </datafield>
  <datafield tag="300" ind1=" " ind2=" ">
    <subfield code="a">14 pages : </subfield>
    <subfield code="b">color illustrations ;</subfield>
    <subfield code="c">21 cm . </subfield>
  </datafield>
  <datafield tag="505" ind1=" " ind2=" ">
    <subfield code="a">K 
</subfield>
  </datafield>
  <datafield tag="520" ind1=" " ind2=" ">
    <subfield code="a">&#x179A;&#x17BF;&#x1784;&#x1793;&#x17C1;&#x17C7;&#x1794;&#x17B6;&#x1793;&#x17A2;&#x1794;&#x17CB;&#x179A;&#x17C6;&#x1780;&#x17BB;&#x1798;&#x17B6;&#x179A;&#x17A2;&#x17C4;&#x1799;&#x1798;&#x17B6;&#x1793;&#x1785;&#x179A;&#x17B7;&#x178F;&#x179B;&#x17D2;&#x17A2; &#x1793;&#x17B7;&#x1784;&#x1794;&#x178E;&#x17D2;&#x178F;&#x17BB;&#x17C7;&#x1793;&#x17BC;&#x179C;&#x1782;&#x17BB;&#x178E;&#x1792;&#x1798;&#x17CF;&#x179B;&#x17D2;&#x17A2;&#x1787;&#x17B6;&#x1785;&#x17D2;&#x179A;&#x17BE;&#x1793; &#x178A;&#x17BC;&#x1785;&#x1787;&#x17B6; &#x1780;&#x17B6;&#x179A;&#x1794;&#x17D2;&#x179A;&#x1780;&#x17B6;&#x1793;&#x17CB;&#x1785;&#x179A;&#x17B7;&#x178F;&#x1791;&#x17C0;&#x1784;&#x178F;&#x17D2;&#x179A;&#x1784;&#x17CB; &#x1780;&#x17B6;&#x179A;&#x179B;&#x178F;&#x17CB;&#x178A;&#x17C6;&#x1781;&#x17D2;&#x179B;&#x17BD;&#x1793; &#x179F;&#x17C1;&#x1785;&#x1780;&#x17D2;&#x178F;&#x17B8;&#x1796;&#x17B7;&#x178F; &#x1780;&#x17B6;&#x179A;&#x1782;&#x17C4;&#x179A;&#x1796;&#x1787;&#x17B6;&#x178A;&#x17BE;&#x1798;&#x200B;&#x17D5; </subfield>
  </datafield>
  <datafield tag="520" ind1=" " ind2=" ">
    <subfield code="a">This story teaches children to develop good character and instills many positive moral values such as honesty, humility, truthfulness, and respect.</subfield>
  </datafield>
  <datafield tag="521" ind1="8" ind2=" ">
    <subfield code="a">510 
</subfield>
    <subfield code="b">Lexile estimate 
</subfield>
  </datafield>
  <datafield tag="521" ind1="8" ind2=" ">
    <subfield code="a">K 
</subfield>
    <subfield code="b">Raz-Plus 
</subfield>
  </datafield>
  <datafield tag="650" ind1=" " ind2=" ">
    <subfield code="a">&#x1786;&#x17D2;&#x1780;&#x17C2;&#x179F;&#x1784;&#x17D2;&#x1782;&#x17D2;&#x179A;&#x17C4;&#x17C7;&#x1798;&#x17D2;&#x1785;&#x17B6;&#x179F;&#x17CB;</subfield>
    <subfield code="v">&#x179A;&#x17BF;&#x1784;&#x1793;&#x17B7;&#x1791;&#x17B6;&#x1793;&#x1780;&#x17BB;&#x1798;&#x17B6;&#x179A;&#x200B;</subfield>
  </datafield>
  <datafield tag="650" ind1=" " ind2=" ">
    <subfield code="a">Saved by his dog </subfield>
    <subfield code="v">Children's stories </subfield>
  </datafield>
  <datafield tag="942" ind1=" " ind2=" ">
    <subfield code="2">ddc</subfield>
    <subfield code="c">KHB</subfield>
    <subfield code="n">0</subfield>
  </datafield>
  <datafield tag="999" ind1=" " ind2=" ">
    <subfield code="c">8594</subfield>
    <subfield code="d">8594</subfield>
  </datafield>
  <datafield tag="952" ind1=" " ind2=" ">
    <subfield code="0">0</subfield>
    <subfield code="1">0</subfield>
    <subfield code="2">ddc</subfield>
    <subfield code="4">0</subfield>
    <subfield code="7">0</subfield>
    <subfield code="8">Khmer-English Bilingual </subfield>
    <subfield code="a">002</subfield>
    <subfield code="b">002</subfield>
    <subfield code="c">TTP Khmer</subfield>
    <subfield code="d">2025-10-02</subfield>
    <subfield code="l">0</subfield>
    <subfield code="o">MAR PZ7</subfield>
    <subfield code="p">2025-4468</subfield>
    <subfield code="r">2025-10-02 11:02:28</subfield>
    <subfield code="t">1</subfield>
    <subfield code="w">2025-10-02</subfield>
    <subfield code="y">KHB</subfield>
  </datafield>
  <datafield tag="952" ind1=" " ind2=" ">
    <subfield code="0">0</subfield>
    <subfield code="1">0</subfield>
    <subfield code="2">ddc</subfield>
    <subfield code="4">0</subfield>
    <subfield code="7">0</subfield>
    <subfield code="8">Khmer-English Bilingual </subfield>
    <subfield code="a">002</subfield>
    <subfield code="b">002</subfield>
    <subfield code="c">TTP Khmer</subfield>
    <subfield code="d">2025-10-03</subfield>
    <subfield code="l">0</subfield>
    <subfield code="o">MAR PZ7</subfield>
    <subfield code="p">FISBK04159</subfield>
    <subfield code="r">2025-10-03 15:50:30</subfield>
    <subfield code="t">2</subfield>
    <subfield code="w">2025-10-03</subfield>
    <subfield code="y">KHB</subfield>
  </datafield>
  <datafield tag="952" ind1=" " ind2=" ">
    <subfield code="0">0</subfield>
    <subfield code="1">0</subfield>
    <subfield code="2">ddc</subfield>
    <subfield code="4">0</subfield>
    <subfield code="7">0</subfield>
    <subfield code="8">Khmer-English Bilingual </subfield>
    <subfield code="a">002</subfield>
    <subfield code="b">002</subfield>
    <subfield code="c">TTP Khmer</subfield>
    <subfield code="d">2025-10-24</subfield>
    <subfield code="l">0</subfield>
    <subfield code="o">MAR PZ7</subfield>
    <subfield code="p">FISBK04107</subfield>
    <subfield code="r">2025-10-24 15:32:41</subfield>
    <subfield code="t">3</subfield>
    <subfield code="w">2025-10-24</subfield>
    <subfield code="y">KHB</subfield>
  </datafield>
</record>
